LEADER 00985nam0-22002891i-450- 001 990001672320403321 005 20050524115942.0 035 $a000167232 035 $aFED01000167232 035 $a(Aleph)000167232FED01 035 $a000167232 100 $a20030910d18981902km-y0itay50------ba 101 0 $aita 200 1 $aRelazione della Direzione generale delle Imposte Dirette e del Catasto per gli esercizi finanziari 1896-97, 1900-01$fMinistero delle Finanze 210 $aRoma$cTip. Elzeviriana$d1898-1902 215 $a1 v.$d30 cm 300 $aPaginazione varia 610 0 $aImposte dirette 676 $a336.294 710 02$aItalia.$bMinistero delle finanze$0356818 801 0$aIT$bUNINA$gRICA$2UNIMARC 901 $aBK 912 $a990001672320403321 952 $a60 336.21 A 6$b23022$fFAGBC 959 $aFAGBC 996 $aRelazione della Direzione generale delle Imposte Dirette e del Catasto per gli esercizi finanziari 1896-97, 1900-01$9370874 997 $aUNINA LEADER 00877nam0-2200325---450- 001 990009664430403321 005 20130111121715.0 010 $a978-88-7981-357-0 035 $a000966443 035 $aFED01000966443 035 $a(Aleph)000966443FED01 035 $a000966443 100 $a20130111d2010----km-y0itay50------ba 101 0 $aita 102 $aIT 105 $ay-------001yy 200 1 $a<>Italia corta$ele miniere del Mediterraneo$fVincenzo Scotti 210 $aRoma$cDatanews$d2010 215 $a251 p.$d20 cm 225 1 $aAlcazar 610 0 $aQuestione meridionale$a1950-2009 676 $a945.7092$v22$zita 700 1$aScotti,$bVincenzo$037238 801 0$aIT$bUNINA$gREICAT$2UNIMARC 901 $aBK 912 $a990009664430403321 952 $aXI A 2803$b46966$fFSPBC 959 $aFSPBC 996 $aItalia corta$9838681 997 $aUNINA LEADER 02001nam 2200349 n 450 001 996396213003316 005 20221108062135.0 035 $a(CKB)4330000000332128 035 $a(EEBO)2248562027 035 $a(UnM)99839739 035 $a(EXLCZ)994330000000332128 100 $a19910104d1622 uy | 101 0 $aeng 135 $aurbn||||a|bb| 200 04$aThe Italian prophecier. That is, A prognostication made for the yeere of our Lord God 1622. Practised by Antonio Magino, Professour of the Mathematickes, in the towne of Bononia, written fiue yeeres past: declaring many wonders and fearefull proceedings, wherewith the world is threatned to happen therein by warre this present yeere. With notable complaints made by diuers nations, touching the present estate of their countrey. Faithfully translated out of Italian into Dutch, and now into English$b[electronic resource] 210 $a[London?] $cPrinted [by E. Allde?]$dMDCXXII. [1622] 215 $a[2], 21, [1] p 300 $aPrinter's name from STC. 300 $aPages cropped at foot, with some loss of signatures. 300 $aReproduction of the original in the British Library. 330 $aeebo-0018 606 $aAstrology$vEarly works to 1800 615 0$aAstrology 700 $aMagini$b Giovanni Antonio$f1555-1617.$055127 801 0$bCu-RivES 801 1$bCu-RivES 801 2$bCStRLIN 801 2$bWaOLN 906 $aBOOK 912 $a996396213003316 996 $aThe Italian prophecier. That is, A prognostication made for the yeere of our Lord God 1622. Practised by Antonio Magino, Professour of the Mathematickes, in the towne of Bononia, written fiue yeeres past: declaring many wonders and fearefull proceedings, wherewith the world is threatned to happen therein by warre this present yeere. With notable complaints made by diuers nations, touching the present estate of their countrey. Faithfully translated out of Italian into Dutch, and now into English$92373859 997 $aUNISA